[Event "Obb. Jugend-EM 2011 U16"]
[Site "Mühldorf am Inn"]
[Date "2011.03.13"]
[Round "5"]
[White "Karmann, Adrian"]
[Black "Arnoczky, Philipp"]
[Result "0-1"]
[BlackElo "1769"]
[WhiteElo "1494"]

1.e4 e5 2.Nf3 Nf6 3.Nc3 Nc6 4.d4 Bb4 5.d5 Ne7 6.Nxe5 O-O 7.Qd4 Bxc3+ 8.bxc3 Re8 9.Bg5
Nxe4 10.Nxf7 Nxg5 11.Nxd8 Nf5+ 12.Qe3 Nxe3 13.fxe3 Rxe3+ 14.Kd2 Re8 15.h4 Ne4+ 16.Kc1
Rxd8 17.Bc4 d6 18.Re1 Re8 19.Bd3 Nf6 20.Kb2 Bd7 21.Rf1 Re5 22.Rf2 Ng4 23.Rf4 Ne3
24.Rh1 Bf5 25.Re1 Bxd3 26.cxd3 Nc4+ 27.Rxc4 Rxe1 28.Rxc7 Re2+ 29.Kb3 Rxg2 30.Rd7
Rh2 31.Rxd6 Rxh4 32.Re6 Rd8 33.d6 Rh6 34.Re7 Rhxd6 35.Rxb7 Rb6+ 36.Rxb6 axb6 37.d4
Kf7 38.a4 Ke6 39.a5 bxa5 40.Kc4 Rc8+ 41.Kd3 Kd5 42.c4+ Rxc4   0-1

[Event "Obb. Jugend-EM 2011 U16"]
[Site "Mühldorf am Inn"]
[Date "2011.03.13"]
[Round "5"]
[White "Dasch, Pascal"]
[Black "Holst, Daniel"]
[Result "1-0"]
[BlackElo "1216"]
[WhiteElo "1301"]

1.e4 e6 2.d4 d5 3.e5 c5 4.c3 Nc6 5.Nf3 Qb6 6.a3 cxd4 7.cxd4 Nge7 8.b4 Nf5 9.Bb2 g6
10.g4 Nfe7 11.Be2 Bg7 12.Nc3 f6 13.exf6 Bxf6 14.Qd2 Rf8 15.Na4 Qd8 16.Nc5 b6 17.Nb3
Bd7 18.h4 h5 19.gxh5 gxh5 20.Qh6 Nf5 21.Qxh5+ Ke7 22.Ne5 Nxe5 23.dxe5 Bxh4 24.Rxh4
Nxh4 25.Qg5+ Ke8 26.Bh5+ Rf7 27.Qg8+ Ke7 28.Qxf7#   1-0

[Event "Obb. Jugend-EM 2011 U16"]
[Site "Mühldorf am Inn"]
[Date "2011.03.13"]
[Round "5"]
[White "Baier, Felix"]
[Black "Rank, Thomas"]
[Result "1/2-1/2"]
[BlackElo "1387"]
[WhiteElo "1745"]

1.e4 c5 2.c3 d5 3.exd5 Qxd5 4.d4 Nc6 5.Nf3 e6 6.Be3 b6 7.Be2 Nf6 8.h3 Be7 9.O-O O-O
10.dxc5 Bxc5 11.Qxd5 exd5 12.Bxc5 bxc5 13.Na3 Be6 14.Rad1 Rad8 15.Ng5 Bf5 16.Bb5
Bd7 17.Rfe1 Rfe8 18.Nf3 h6 19.Nc2 a6 20.Ba4 Ne7 21.Bxd7 Nxd7 22.Ne5 f6 23.Nd3 Kf7
24.Nf4 Nb6 25.Ne6 Rc8 26.Ne3 g5 27.b4 d4 28.cxd4 cxb4 29.d5 Nexd5 30.Nxd5 Nxd5 31.Rxd5
Rxe6 32.Rd7+ Ke8 33.Rxe6+ Kxd7 34.Rxf6 Rc6 35.Rxc6 Kxc6 36.Kf1 Kd5 37.Ke2 Kc4 38.g3
b3 39.axb3+ Kxb3 40.f4 a5 41.f5 a4   1/2-1/2

[Event "Obb. Jugend-EM 2011 U16"]
[Site "Mühldorf am Inn"]
[Date "2011.03.13"]
[Round "5"]
[White "Müller, Dennis"]
[Black "Holst, Simon"]
[Result "1-0"]
[BlackElo "1250"]
[WhiteElo "1625"]

1.e4 e5 2.Nf3 Nc6 3.Bb5 a6 4.Ba4 b5 5.Bb3 Bc5 6.c3 d6 7.d4 Bb6 8.dxe5 Nxe5 9.Nxe5
dxe5 10.Qxd8+ Kxd8 11.Bxf7 Nf6 12.f3 h6 13.Ke2 g5 14.Rd1+ Ke7 15.Bb3 Be6 16.Bxe6
Kxe6 17.Be3 Bxe3 18.Kxe3 Nh5 19.g3 Rhg8 20.a4 Rad8 21.Rxd8 Rxd8 22.axb5 axb5 23.Ra6+
Rd6 24.Ra7 Kd7 25.Nd2 Kc6 26.Ra6+ Kd7 27.Rxd6+ Kxd6 28.Kd3 c5 29.Nf1 Nf6 30.Ne3 Ke6
31.Nf5 Ng8 32.c4 b4 33.Kc2 Kd7 34.Kb3 Kc6 35.Ka4 Kb6 36.Nd6 Nf6 37.Nf7   1-0

[Event "Obb. Jugend-EM 2011 U16"]
[Site "Mühldorf am Inn"]
[Date "2011.03.13"]
[Round "5"]
[White "Körber, Aljoscha"]
[Black "Pils, Markus"]
[Result "1-0"]
[BlackElo "1271"]
[WhiteElo "1303"]

1.e4 d6 2.Nc3 e5 3.f4 exf4 4.Bc4 Qe7 5.d4 Qh4+ 6.Kf1 g6 7.Nf3 Qe7 8.Bxf4 Be6 9.Qd3
Bg7 10.h3 Nd7 11.Nd5 Bxd5 12.Bxd5 c6 13.Bb3 Ngf6 14.Re1 O-O 15.Bg5 h6 16.Bh4 g5 17.Bg3
Rfe8 18.Nd2 Nh5 19.Bh2 Qf6+ 20.Nf3 Nf4 21.Qe3 Ng6 22.c3 Rad8 23.Kg1 a6 24.Rf1 Qe7
25.Nd2 Rf8 26.Bc2 Rfe8 27.Bg3 Rf8 28.Kh2 f5 29.Qe2 f4 30.Be1 Rde8 31.Nf3 Rd8 32.e5
Qe6 33.Bb3 d5 34.Bc2 Rf7 35.Bd2 Ndf8 36.Re1 Re8 37.Qd1 Rd8 38.Bd3 b5 39.Qb3 Re8 40.Ra1
Ra8 41.a4 Rfa7 42.Qb4 Qf7 43.Be1 Re8 44.Bf2 Rb7 45.axb5 axb5 46.Qc5 Re6 47.Ra6 Nd7
48.Qa3 Ndf8 49.Rc1 Rc7 50.b3 Qd7 51.Bf5   1-0